Római levél Róma, 1925 október /

Elmentve itt :
Bibliográfiai részletek
Szerző: Popity Imre
Dokumentumtípus: Cikk
Megjelent: 1925
Sorozat:Botond : szépirodalmi és tudományos folyóirat 1 No. 3
Kulcsszavak:Magyar irodalom útleírás
Online Access:http://misc.bibl.u-szeged.hu/3111
LEADER 00590nab a2200169 i 4500
001 misc3111
005 20191106143157.0
008 170607s1925 hu o 0|| hun d
040 |a SZTE Miscellanea Repozitórium  |b hun 
041 |a hun 
100 1 |a Popity Imre 
245 1 0 |a Római levél   |h [elektronikus dokumentum] :  |b Róma, 1925 október /  |c  Popity Imre 
260 |c 1925 
300 |a 27-30 
490 0 |a Botond : szépirodalmi és tudományos folyóirat  |v 1 No. 3 
695 |a Magyar irodalom útleírás 
856 4 0 |u http://misc.bibl.u-szeged.hu/3111/1/botond_001_003_027-030.pdf  |z Dokumentum-elérés